Luyện kỹ năng viết luận trình độ tiền trung cấp và trung cấp = Writing from within

Đã lưu trong:
書目詳細資料
主要作者: Curtis Kelly
格式: 圖書
語言:Undetermined
出版: Tp. HCM. Tp. HCM 2002
主題:
標簽: 添加標簽
沒有標簽, 成為第一個標記此記錄!
Thư viện lưu trữ: Trung tâm Học liệu Trường Đại học Cần Thơ
LEADER 00668nam a2200205Ia 4500
001 CTU_54697
008 210402s9999 xx 000 0 und d
020 |b 30000 
082 |a 808.06 
082 |b K29 
100 |a Curtis Kelly 
245 0 |a Luyện kỹ năng viết luận trình độ tiền trung cấp và trung cấp 
245 0 |b = Writing from within 
245 0 |c Curtis Kelly and Arlen Gargagliano; Nguyễn Thành Yến chú giải 
260 |a Tp. HCM. 
260 |b Tp. HCM 
260 |c 2002 
650 |a english language 
650 |x compositions and exercises 
980 |a Trung tâm Học liệu Trường Đại học Cần Thơ